003820000a2200121000450024500880000065000320008865000270012065000260014765000240017304100130019710000200021077300300023010aConnectivity and connectedness: functional versus structural patterns in landscapes14aFragmentación del paisaje14aEcología del paisaje14aProcesos ecológicos14aEstructura espacial0 aInglés1 aBaudry, Jacques1 tPreprint33q23-28d1990?